Breaking Bad Trivia #H - Statistics

General Stats
  • This quiz has been taken 136 times
    127 since last reset
  • The average score is 12 of 15
Answer Stats
Hint Answer % Correct
DEA Agent investing Walter Whites case Hank
100%
The last remaining Salamanca Hector
99%
Walter Whites alias Heisenberg
99%
His relation to Marie Schrader Husband
96%
Walt kills Jack by shooting him in the __ Head
95%
Walts infant daughter Holly
95%
Sauls bodyguard Huell Babineaux
92%
Skyler sings this song to Ted Happy Birthday Mr. President
88%
Jesse uses this drug after Combos death Heroin
88%
"Brothers" in spanish Hermanos
87%
Walts second name Hartwell
75%
Todd, Jesse and Walt manage to pull of this on a train Heist
71%
Wendy is a __ Hooker
58%
J.P. Wynne Highschool janitor Hugo
44%
Vacuum model you would buy, if you'd liketo relocate Hoover Max Extract® 60 Pressure Pro™
33%
No matching quizzes found
Score Distribution
Percent of People with Each Score
Percentile by Number Answered
Your Score History
You have not taken this quiz since the last reset